Microelectronic circuits (Record no. 1329)

000 -LEADER
fixed length control field 00597nam a22002177a 4500
001 - CONTROL NUMBER
control field 1329
003 - CONTROL NUMBER IDENTIFIER
control field BD-DhUET
008 - FIXED-LENGTH DATA ELEMENTS--GENERAL INFORMATION
fixed length control field 140903b xxu||||| |||| 00| 0 eng d
020 ## - INTERNATIONAL STANDARD BOOK NUMBER
International Standard Book Number 0195680847
040 ## - CATALOGING SOURCE
Transcribing agency 0
Modifying agency BD-DhUET
082 ## - DEWEY DECIMAL CLASSIFICATION NUMBER
Classification number 623.8153
Item number SED/1982
100 ## - MAIN ENTRY--PERSONAL NAME
Personal name Sedra, Adel.S
245 ## - TITLE STATEMENT
Title Microelectronic circuits
Statement of responsibility, etc. by Adel S. Sedra and Kenneth C. Smith
250 ## - EDITION STATEMENT
Edition statement 5th ed.
260 ## - PUBLICATION, DISTRIBUTION, ETC. (IMPRINT)
Place of publication, distribution, etc. New York
Name of publisher, distributor, etc. Oxford University Press
Date of publication, distribution, etc. 1982
300 ## - PHYSICAL DESCRIPTION
Extent xxi, 1283 p.
Other physical details ill.
Dimensions 22 cm.
504 ## - BIBLIOGRAPHY, ETC. NOTE
Bibliography, etc Includes bibliographies
650 #0 - SUBJECT ADDED ENTRY--TOPICAL TERM
Topical term or geographic name as entry element Electronic-Circuits
700 ## - ADDED ENTRY--PERSONAL NAME
Personal name Smith, Kenneth C.
942 ## - ADDED ENTRY ELEMENTS (KOHA)
Koha item type General Book
Holdings
Koha normalized classification for sorting Copy number Koha out on loan Damaged status Source of classification or shelving scheme Date acquired Koha date last seen Shelving location Not for loan Withdrawn status Koha renewals Location (home branch) Price effective from Koha issues (times borrowed) Sublocation or collection (holding branch) Koha item type Piece designation (barcode) Koha date last borrowed Koha full call number Lost status
623_000000000000000_8153SED2001   2014-09-032022-05-22Circulation section  1Central Library, BUET2014-09-039Central Library, BUETGuide Book1038712021-12-21623.8153/SED/2004 
623_815300000000000_SED_200422026-02-03  2007-05-282026-01-20Circulation section  1Central Library, BUET2014-09-037Central Library, BUETGeneral Book1038662026-01-20623.8153/SED/2004 
623_000000000000000_8153SED20032022-12-06  2014-09-032022-11-22Circulation section   Central Library, BUET2014-09-0313Central Library, BUETGuide Book1038672022-11-22623.8153/SED/2004 
623_000000000000000_8153SED20042017-02-26  2014-09-032016-02-27Circulation section   Central Library, BUET2014-09-032Central Library, BUETGuide Book1038682016-02-27623.8153/SED/2004 
623_000000000000000_8153SED2005   2014-09-032024-06-02Circulation section   Central Library, BUET2014-09-0312Central Library, BUETGuide Book1038702024-03-06623.8153/SED/2004 
623_000000000000000_8153SED2006   2014-09-032025-09-08Circulation section  2Central Library, BUET2014-09-0313Central Library, BUETGuide Book1038732025-08-24623.8153/SED/2004 
623_000000000000000_8153SED20082023-06-19  2014-09-032023-06-05Circulation section  1Central Library, BUET2014-09-0316Central Library, BUETGuide Book1038722023-06-05623.8153/SED/2004 
623_000000000000000_8153SED2009   2014-09-032025-10-18Circulation section   Central Library, BUET2014-09-0318Central Library, BUETGuide Book1038742025-09-24623.8153/SED/2004 
623_000000000000000_8153SED200102021-02-09  2014-10-272020-02-10Circulation section   Central Library, BUET2014-10-275Central Library, BUETGuide Book1016932020-02-10623.8153/SED/2004 
623_815300000000000_SED_198211   2014-11-292026-03-08Circulation section   Central Library, BUET2014-11-291Central Library, BUETGeneral Book1077892014-12-08623.8153/SED/1982 
623_815300000000000_SED_1982122025-05-13  2016-03-272025-04-29Circulation section   Central Library, BUET2016-03-2710Central Library, BUETGeneral Book1016922025-04-29623.8153/SED/1982